000 01227nam a2200301 a 4500
001 000047858
003 DO-SdBNP
005 20260303090147.0
008 180830s2016 dr ac r 000 0 spa d
020 _a9789945586480 v.1
020 _a9789945586930 v.2
040 _aDO-SdBNP
_bspa
_cBNPHU
082 4 _a972.93053
_bA185La
_222
100 1 _aAcosta Matos, Eliades,
_d1959-
_974479
245 1 3 _aLa era /
_cEliades Acosta Matos ; prólogo Diógenes Céspedes.
260 _aSanto Domingo :
_bArchivo General de la Nación,
_c2016.
300 _av. :
_bilustraciones, fotos y retratos ;
_c23 cm.
490 1 _aArchivo General de la Nación
_v251-296
500 _aIncluye referencias bibliográficas y notas al pie de las páginas
590 _aInventariado, 2018/LP
651 4 _aRepública Dominicana
_xHistoria
_yEra de Trujillo, 1930-1961
_978796
651 4 _aRepública Dominicana
_xPolítica y gobierno
_yEra de Trujillo, 1930-1961
651 4 _aRepública Dominicana
_xHistoria
_yEra Trujillo, 1930-1961
_vRelatos
_983192
700 1 _aCéspedes, Diógenes,
_d1941-
_eprólogo
_920548
830 0 _aArchivo General de la Nación
_n251-296
_975418
910 _aValidado. Control de calidad MFF
942 _2ddc
_cLBS1
999 _c47346
_d47346